000 00998nam a22003137a 4500
001 82384
003 DO-SdBNP
005 20240716121851.0
007 82384
008 010612s2001 sp | ||| ||spa
016 7 _2BPMSU
020 _a8481302546
040 _aBPMSU
_bspa
_cBPMSU
082 4 _a863.5
_bM364o 2001
_222
100 1 _aMarsé, Juan
_d1933-
245 1 3 _aLa oscura historia de la prima Montse /
_cJuan Marsé ; prólogo de Gustavo Martín Garzo
260 _a[Barcelona] :
_bMilenium,
_c2001
300 _a253 p.:
_c21 cm.
490 0 _aLibros de bolsillo,
_v6
490 1 _aMillenium. Las 100 mejores novelas en castellano del siglo XX
_v13
500 _aIncluye datos biográficos del autor en la sola de la cubierta
590 _aInventariado, 2024/VM
650 4 _aNovela española
650 4 _aNovela amorosa.
650 4 _aLiteratura española.
700 1 _aGarzo, Gustavo Martín
_eprólogo
910 _aVMateo V. Control de calidad. BPMSU
942 _2ddc
_cBK
999 _c8721
_d8721